Fr. Conceicao Rodrigues College of Engineering

Visualizing streaming data (Record no. 18928)

MARC details
000 -LEADER
fixed length control field 00320nam a2200169Ia 4500
082 ## - DEWEY DECIMAL CLASSIFICATION NUMBER
Item number ARA
100 ## - MAIN ENTRY--PERSONAL NAME
Personal name Aragues/ Anthony
245 ## - TITLE STATEMENT
Title Visualizing streaming data
260 ## - PUBLICATION, DISTRIBUTION, ETC.
Name of publisher, distributor, etc. SPD
Date of publication, distribution, etc. 2018
366 ## - TRADE AVAILABILITY INFORMATION
Publishers's discount category 20
300 ## - PHYSICAL DESCRIPTION
Extent 184
546 ## - LANGUAGE NOTE
Language note ENGLISH
650 ## - SUBJECT ADDED ENTRY--TOPICAL TERM
Topical term or geographic name entry element data
654 ## - SUBJECT ADDED ENTRY--FACETED TOPICAL TERMS
Focus term data
942 ## - ADDED ENTRY ELEMENTS (KOHA)
Koha item type BOOK
Holdings
Withdrawn status Lost status Damaged status Not for loan Collection Home library Current library Date acquired Source of acquisition Cost, normal purchase price Inventory number Total Checkouts Full call number Barcode Date last seen Cost, replacement price Price effective from Koha item type
        CRC Fr. Agnel's C.Rodrigues College of Engineering Fr. Agnel's C.Rodrigues College of Engineering 17/03/2023 Shroff Publishers 340.00 03679 dr 24.01.2019   ARA 25534 17/03/2023 425.00   BOOK